Developeri by za každú cenu chceli splniť naše sny

Nárast nových bytov, komerčných priestorov, biznis centier. Porovnanie bývania v novostavbe a v staršom byte. Výhody novostavieb. Polyfunkčné budovy, bulváre a kancelárie. Brownfields - investovanie do jestvujúcej schátralej lokality. Cestovný ruch.

Na minha lista:
Detalhes bibliográficos
Autor principal: Struhárová, Zuzana
Formato: Capítulo de Livro
Idioma:eslovaco
Assuntos:
Tags: Adicionar Tag
Sem tags, seja o primeiro a adicionar uma tag!

MARC

LEADER 00000naa$a2200000$$$4500
001 0056991
005 20231006122024.3
041 0 |a slo 
044 |a SK 
245 1 0 |a Developeri by za každú cenu chceli splniť naše sny  |c Zuzana Struhárová 
520 |a Nárast nových bytov, komerčných priestorov, biznis centier. Porovnanie bývania v novostavbe a v staršom byte. Výhody novostavieb. Polyfunkčné budovy, bulváre a kancelárie. Brownfields - investovanie do jestvujúcej schátralej lokality. Cestovný ruch. 
610 2 0 |a bývanie 
610 2 0 |a investori 
610 2 0 |a výstavba bytová 
610 2 0 |a ruch cestovný 
610 2 0 |a objekty stavebné 
100 1 |a Struhárová, Zuzana